| 000 | 00625nam a2200205Ia 4500 | ||
|---|---|---|---|
| 003 | OSt | ||
| 005 | 20220927105346.0 | ||
| 006 | a|||||r|||| 00| 0 | ||
| 007 | ta | ||
| 008 | 220926b |||||||| |||| 00| 0 eng d | ||
| 024 | _a169796 | ||
| 037 | _cReference Collections | ||
| 040 |
_aRTL _cRTL _beng |
||
| 041 |
_2eng _aeng |
||
| 082 | _a"X: 9.2s P03 - P02, P5.1" | ||
| 245 | 0 |
_aAnnual Survey of Industries 2002-02 _b Statistics on Employment and Labour cost in Census Sector. |
|
| 260 | _c2002 | ||
| 942 |
_h"X: 9.2s P03 - P02, P5.1" _cCC |
||
| 999 |
_c692088 _d692088 |
||